| 000 | 00534nam 22001693 4500 | ||
|---|---|---|---|
| 001 | 201400 | ||
| 090 | _a201400 | ||
| 100 | _a20260319d u||y0pory50 ba | ||
| 200 |
_aLinguística e ensino do português _fEmile Genouvrier, Jean Peytard |
||
| 210 |
_aCoimbra _cLivraria Almedina _d[19--?] |
||
| 215 |
_a443 p. _cbrochado _d19 cm |
||
| 606 |
_911269 _aQuestões gerais em linguística e literatura. Filologia |
||
| 675 |
_a80 _vPT _zpor |
||
| 700 |
_916919 _aGenouvrier _bEmile |
||
| 801 |
_aPT _bBMMN _gRPC |
||
| 830 |
_cFernando _fFernando |
||
| 990 | _cLIVROS | ||